000 00866nam a2200229 i 4500
001 bg
245 0 0 _aZmęczenie i mechanika pękania :
_bmateriały XVIII sympozjum nt. Zmęczenie materiałów i konstrukcji /
_cPolska Akademia Nauk. Komitet Budowy Maszyn, Międzysekcyjny Zespół Zmęczenia i Mechaniki Pękania Materiałów i Konstrukcji.
260 _aBydgoszcz :
_bWydawnictwa Uczelniane Akademii Techniczno-Rolniczej,
_c2000.
300 _a551 s. :
_bil. ;
_c24 cm.
504 _aBibliogr. przy ref.
650 9 _aPękanie
650 9 _aWytrzymałość materiałów
655 _aMateriały konferencyjne
710 0 _aPolska Akademia Nauk
_bKomitet Budowy Maszyn
020 _a8387274674
040 _cBPK
041 0 _apl
080 _a620.17:539.3/.5](061)
920 _a83-87274-67-4
942 _cKS
008 s pl f |000 0 pol
999 _c38360
_d38360
856 _uhttp://koha.tu.koszalin.pl/cgi-bin/koha/opac-detail.pl?biblionumber=38360
_yKatalog online BPK